000 00307nam a22001337a 4500
008 170602b xxu||||| |||| 00| 0 eng d
020 _a0395420202
041 _aeng
080 _a94(7/8)
100 _a18
101 _aSHH
245 _aTHE ENTREPRENEURS AN AMERICAN ADVENTURE
_cSOBEL.R
942 _2udc
_cBK
999 _c15823
_d15823